000 00719nam a2200241Ia 4500
005 20250425162606.0
008 250425s9999 xx 000 0 und d
020 _a9780132622264
041 _aeng
082 _a621.3815
_pBOY
100 _aBoylestad, Robert L.
245 0 _aElectronic Devices and Circuit Theory
_cRobert L. Boylestad, Louis Nashelsky
250 _aOnceava ed.
260 _aEstados Unidos
_bPearson
_c2013
300 _a906 p.
_bIlustrado
_c28 cm
500 _aIncluye tabla de contenido, índice
650 _aCircuitos electrónicos
650 _aElectrónica-Aparatos e instrumentos
650 _aSemiconductores
902 _aMonográfico
_cImpreso
942 _c01
010 _a87959
999 _c232393
_d232393